A FIRST YEAR ENGINEERING DRAWING (Record no. 569704)
[ view plain ]
| 000 -LEADER | |
|---|---|
| fixed length control field | 00248nam a22001097a 4500 |
| 082 ## - DEWEY DECIMAL CLASSIFICATION NUMBER | |
| Classification number | 604.2 PAR |
| 100 ## - MAIN ENTRY--PERSONAL NAME | |
| Personal name | PARKINSON, A.C |
| 9 (RLIN) | 40152 |
| 245 ## - TITLE STATEMENT | |
| Title | A FIRST YEAR ENGINEERING DRAWING |
| 260 ## - PUBLICATION, DISTRIBUTION, ETC. | |
| Place of publication, distribution, etc. | KARACHI |
| Name of publisher, distributor, etc. | PITMAN |
| Date of publication, distribution, etc. | 1966 |
| 300 ## - PHYSICAL DESCRIPTION | |
| Extent | 185P |
| 942 ## - ADDED ENTRY ELEMENTS (KOHA) | |
| Koha item type | Book |
| Withdrawn status | Lost status | Source of classification or shelving scheme | Damaged status | Not for loan | Permanent Location | Current Location | Shelving location | Date acquired | Total Checkouts | Full call number | Barcode | Date last seen | Price effective from | Koha item type | Public note |
|---|---|---|---|---|---|---|---|---|---|---|---|---|---|---|---|
| College of Electrical & Mechanical Engineering (CEME) | College of Electrical & Mechanical Engineering (CEME) | General Stacks | 07/19/2017 | 1 | 604.2 PAR | CEME-1151 | 06/28/2021 | 06/28/2021 | Book | 3.8 | |||||
| US-Pakistan Center for Advanced Studies in Energy (USPCAS-E) | US-Pakistan Center for Advanced Studies in Energy (USPCAS-E) | 04/13/2026 | 604.2 PAR | CAS-E0005737 | 04/13/2026 | 04/13/2026 | Book |
